| 000 | 00460nam a2200145Ia 4500 | ||
|---|---|---|---|
| 008 | 150220s9999 xx 000 0 und d | ||
| 020 | _a938333038X | ||
| 050 | _b.J95 2006 | ||
| 100 | _aJunior Pages. | ||
| 245 |
_aSmart kids on the street : _bpre-school guide / _cJunior Pages. |
||
| 260 |
_aSelangor : _bJunior Pages, _c2006 |
||
| 300 |
_a43 pages : _bColored, Illustration ; _c31 cm. |
||
| 440 | _aRoad Safety Series. | ||
| 650 | _aTraffic safety and children. | ||
| 999 |
_c283079 _d283079 |
||